Vista normal
Vista MARC
- Cuenca Gómez, Patricia
Entrada Nombre de persona
Número de registros utilizados en: 2
001 - NÚMERO DE CONTROL
- campo de control: 1703
003 - IDENTIFICADOR DEL NÚMERO DE CONTROL
- campo de control: ES-MaFIAP
005 - FECHA Y HORA DE LA ÚLTIMA TRANSACCIÓN
- campo de control: 20231121153159.0
008 - DATOS DE LONGITUD FIJA
- campo de control de longitud fija: 231121|| aca||aabn | a|a d
040 ## - FUENTE DE LA CATALOGACIÓN
- Centro catalogador/agencia de origen: ES-MaFIAP
- Centro/agencia transcriptor: ES-MaFIAP
100 ## - ENCABEZAMIENTO-NOMBRE DE PERSONA
- Nombre de persona: Cuenca Gómez, Patricia
670 ## - FUENTE DE DATOS ENCONTRADOS
- Cita de la fuente: Work cat.: (ES-MaFIAP)629: Estudios sobre los derechos de las personas sordas / , D.L. 2012





